| 000 -LEADER |
| fixed length control field |
00969cam a2200253 a 4500 |
| 001 - CONTROL NUMBER |
| control field |
13596628 |
| 005 - DATE AND TIME OF LATEST TRANSACTION |
| control field |
20180222032354.0 |
| 008 - FIXED-LENGTH DATA ELEMENTS--GENERAL INFORMATION |
| fixed length control field |
040518s2004 dcua b 000 0 eng |
| 010 ## - LIBRARY OF CONGRESS CONTROL NUMBER |
| LC control number |
2004107570 |
| 020 ## - INTERNATIONAL STANDARD BOOK NUMBER |
| International Standard Book Number |
0309092094 (pbk.) |
| 020 ## - INTERNATIONAL STANDARD BOOK NUMBER |
| International Standard Book Number |
0309531942 (pdf) |
| 040 ## - CATALOGING SOURCE |
| Original cataloging agency |
DLC |
| Transcribing agency |
DLC |
| Modifying agency |
DLC |
| 041 ## - LANGUAGE CODE |
| Language code of text/sound track or separate title |
eng |
| 042 ## - AUTHENTICATION CODE |
| Authentication code |
pcc |
| 080 ## - UNIVERSAL DECIMAL CLASSIFICATION NUMBER |
| Universal Decimal Classification number |
664 WAS |
| 082 00 - DEWEY DECIMAL CLASSIFICATION NUMBER |
| Classification number |
664 WAS |
| Edition number |
22 |
| 100 ## - Rafti |
| Rafti |
10 |
| 101 ## - Shkurtesa |
| Shkurtesa |
NUT |
| 245 00 - TITLE STATEMENT |
| Title |
Safety of genetically engineered foods : |
| Statement of responsibility, etc |
Committee on Identifying and Assessing Unintended Effects of Genetically Engineered Foods on Human Health, Board on Life Sciences, Food and Nutrition Boarad, Board on Agriculture and Natural Resources, Institute of Medicine. |
| 504 ## - BIBLIOGRAPHY, ETC. NOTE |
| Bibliography, etc |
Includes bibliographical references. |
| 906 ## - LOCAL DATA ELEMENT F, LDF (RLIN) |
| a |
7 |
| b |
cbc |
| c |
orignew |
| d |
2 |
| e |
epcn |
| f |
20 |
| g |
y-gencatlg |
| 942 ## - ADDED ENTRY ELEMENTS (KOHA) |
| Source of classification or shelving scheme |
|
| Item type |
Books |